"Curating" : απόψεις για την επιμελητική δράση : 9 +1 α-πραγματοποίητα πρότζεκτ
Αποθηκεύτηκε σε:
| Άλλοι συγγραφείς: | |
|---|---|
| Μορφή: | Βιβλίο |
| Γλώσσα: | Greek |
| Δημοσίευση: |
Αθήνα :
Futura,
c2005.
|
| Θέματα: | |
| Ετικέτες: |
Προσθήκη ετικέτας
Δεν υπάρχουν, Καταχωρήστε ετικέτα πρώτοι!
|
MARC
| LEADER | 00000cam a2200000 a 4500 | ||
|---|---|---|---|
| 001 | 1/118054 | ||
| 008 | 190212s2005####gr | ||| |||| ||gre|| | ||
| 020 | |a 9607980999 | ||
| 040 | |a GR-MyUa |b gre |c GR-MyUa |e AACR2 | ||
| 041 | 0 | |a gre | |
| 082 | 7 | |a 708 |2 (23) | |
| 245 | 0 | 1 | |a "Curating" : |b απόψεις για την επιμελητική δράση : 9 +1 α-πραγματοποίητα πρότζεκτ / |c επιμέλεια: Ελπίδα Καραμπά. |
| 260 | |a Αθήνα : |b Futura, |c c2005. | ||
| 300 | |a 159 σ. : |b εικ. ; |c 20 εκ. | ||
| 504 | |a Περιλαμβάνει βιβλιογραφίες. | ||
| 650 | 0 | |a Art |x Exhibitions. | |
| 650 | 0 | |a Art museum curators. | |
| 650 | 0 | |a Curatorship. | |
| 700 | 1 | |a Καραμπά, Ελπίδα, |e edtf | |
| 852 | |a INST |b SYROS |c EUDOXUS |e 20190212 |h 708 CUR |p 005500013770 |q 005500013770 |t EDX |y 0 | ||
| 920 | |a Εύδοξος |b Παραγγελία |y Σύρος-ΤΜΣΠΣ |z 2019-02 | ||
| 970 | |a Κοντού |b Παρασκευή |z 12/02/2019 | ||